| 000 | 00857nam a22001937a 4500 | ||
|---|---|---|---|
| 008 | 110915s2005 ua||||| |||| 00| 0 ara d | ||
| 020 | _a9770447021 | ||
| 082 |
_222 _a327 _bع ل ي |
||
| 100 | 1 |
_927213 _aعلي ، جمال سلامة |
|
| 245 |
_aالسياسة بين الأمم : _bالنظرية السياسية وقضايا الفكر السياسي / _cجمال سلامة علي |
||
| 260 |
_aالقاهرة : _bدار النهضة العربية ، _c2005. |
||
| 300 |
_a254 ص ؛ _c24 سم. |
||
| 504 | _aيشتمل على إرجاعات ببليوجرافية 253 - 254 | ||
| 650 | 0 |
_916238 _aالسياسة |
|
| 650 | 0 |
_917594 _aالسياسة الدولية |
|
| 653 |
_bGeneral _cSeptember2011 |
||
| 942 |
_2ddc _cBB |
||
| 999 |
_c16042 _d16042 |
||